1761 1394 1039 1388 1032 1543 1242 1948 1755 1077 1021 1852 1790 1005 1040 1517 1383 1430 1233 1726 1380 1282 1125 1302 1338 1508 1322 1851 1210 1910 1128 1051 1338 1934 1299 1837 1928 1302 1348 1934 1985 1045 1802 1418 1752 1262 1755 1391 1795 1665 1984 1773 1621 1965 1679 1655 1339 1970 1596 1152 1716 1228 1728 1565 1945 1616 1731 1840 1462 1320 1701 1805 1676 1181 1161 1620 1749 1349 1468 1999 1143 1340 1001 1226 1984 1606 1523 1725 1184 1470 1240 1224 1938 1465 1487 1818 1077 1505 1338 BCNSPRNW ULIB Ver.6.0+V

เปลี่ยนเป็นภาษาไทย

Change to English
 แสดงรายละเอียดบรรณานุกรม
  กลับหน้าหลัก

Brief Record : Get Marc (ISO 2709) : E-mail record : QR code < ปิดหน้าต่าง
LEADER : 00000nam 2200000uu 4500
001    13399111700
003     ULIB
008    110706s2551||||th 000 0 tha d
020    9789741398058
050  4 BQ7210^bพ819ภ 2551
100 0  พุทธทาสภิกขุ,^d2449-2536
245 10 ภูเขาแห่งวิถีพุทธธรรม /^cพุทธทาสภิกขุ (เงื่อม อินฺทปญฺโญ)
250    พิมพ์ครั้งที่ 2
260    กรุงเทพฯ :^bอมรินทร์ธรรมะ,^c2551
300    200 หน้า :^bภาพประกอบ ;^c19 ซม.
440  0 ชุดธรรมะจากสวนโมกข์ ;^vลำดับที่ 7
650  7 ธรรมเทศนา
650  7 ธรรมะกับชีวิตประจำวัน
945    ^p165^l0^i026490
995    ทศพร
999 ^a ใช้งานได้ทุกระบบ
รายการนี้ยังไม่มีแท็ก
คุณยังไม่ได้ล็อกอิน คุณสามารถมีกิจกรรมร่วมกับเว็บไซต์ได้ แต่ต้องล็อกอินก่อน ::
  ล็อกอิน

รายการสื่อสารสนเทศ

ลำดับที่ ประเภท เลขเรียก/บาร์โค้ด สถานที่ สถานะ
- ไม่พบข้อมูล -

รายการใกล้เคียง
    หัวเรื่อง [ธรรมเทศนา]
    หัวเรื่อง [ธรรมะกับชีวิตประจำวัน]

BibComment


ยังไม่เคยถูกคอมเมนท์

คอมเมนท์ทรัพยากรรายการนี้
  คอมเมนท์: ภูเขาแห่งวิถีพุทธ..


 Copyright 2026. Bcnsprnw @Library